Asian football clubs by badge - Statistics

General Stats
  • This quiz has been taken 68 times
  • The average score is 46 of 72
Answer Stats
Picture Answer % Correct
Galatasaray
100%
FC Goa
84%
Henan Songshan Longmen
82%
Jeju United
82%
Maccabi Tel Aviv
82%
Yokohama F. Marinos
82%
Esteghlal
80%
Hyderabad FC
80%
Sivasspor
80%
Beijing Guoan
78%
Kashima Antlers
78%
Júbilo Iwata
76%
Antalyaspor
75%
Beitar Jerusalem
75%
Göztepe
75%
Shenzhen FC
75%
Albirex Niigata
73%
Al-Nassr
73%
Al-Wehda
73%
Beşiktaş
73%
Konyaspor
73%
Trabzonspor
73%
Alanyaspor
71%
Al-Shabab
71%
FC Seoul
71%
Fenerbahçe
71%
Hapoel Be'er Sheva
71%
İstanbul Başakşehir
71%
Maccabi Haifa
71%
Vissel Kobe
71%
Al-Ahli
69%
Al-Ittihad
69%
Cerezo Osaka
69%
Daegu FC
69%
Kasımpaşa
69%
Qarabağ
69%
Sagan Tosu
69%
Al-Hilal
67%
Avispa Fukuoka
67%
Guangzhou FC
67%
Pohang Steelers
67%
Urawa Red Diamonds
67%
Yokohama FC
67%
Al-Taawoun
65%
Dalian Professional
65%
FC Tokyo
65%
Kashiwa Reysol
65%
Nagoya Grampus
63%
Ulsan Hyundai
63%
Al Ain FC
61%
Al-Ettifaq
61%
Mumbai City FC
61%
Kawasaki Frontale
57%
Persepolis
55%
Hebei FC
53%
Jamshedpur FC
53%
Kayserispor
53%
Shonan Bellmare
53%
Hokkaido Consadole Sapporo
51%
Incheon United
49%
Shanghai Shenhua
49%
Gamba Osaka
47%
Jeonbuk Hyundai Motors
47%
V-Varen Nagasaki
47%
Gaziantep
41%
Busan IPark
33%
Shimizu S-Pulse
31%
Shandong Taishan
29%
Suwon Samsung Bluewings
24%
MKE Ankaragücü
20%
Shanghai SIPG
18%
Al-Sadd SC
12%
No matching quizzes found
Score Distribution
Percent of People with Each Score
Percentile by Number Answered
Your Score History
You have not taken this quiz